LIBRARY ONLINE CATALOGUE

Integrative theology / (Record no. 21729)

MARC details
000 -LEADER
fixed length control field 01552cam a2200433 a 4500
001 - CONTROL NUMBER
control field 1462087
003 - CONTROL NUMBER IDENTIFIER
control field OSt
005 - DATE AND TIME OF LATEST TRANSACTION
control field 20260619153054.0
008 - FIXED-LENGTH DATA ELEMENTS--GENERAL INFORMATION
fixed length control field 860905m19871994miu b 001 0 eng
010 ## - LIBRARY OF CONGRESS CONTROL NUMBER
LC control number 86024564
020 ## - INTERNATIONAL STANDARD BOOK NUMBER
International Standard Book Number 0310392306
Qualifying information v. 1
020 ## - INTERNATIONAL STANDARD BOOK NUMBER
International Standard Book Number 0310392403
Qualifying information v. 2
020 ## - INTERNATIONAL STANDARD BOOK NUMBER
International Standard Book Number 0310598303
Qualifying information v. 3
020 ## - INTERNATIONAL STANDARD BOOK NUMBER
International Standard Book Number 9780310392309
Qualifying information (v. 1)
020 ## - INTERNATIONAL STANDARD BOOK NUMBER
International Standard Book Number 9780310392408
Qualifying information (v. 2)
020 ## - INTERNATIONAL STANDARD BOOK NUMBER
International Standard Book Number 9780310598305
Qualifying information (v. 3)
035 ## - SYSTEM CONTROL NUMBER
System control number 1462087
040 ## - CATALOGING SOURCE
Original cataloging agency DLC
Transcribing agency DLC
Modifying agency DLC
050 00 - LIBRARY OF CONGRESS CALL NUMBER
Classification number BT75.2
Item number .D37 1987
082 00 - DEWEY DECIMAL CLASSIFICATION NUMBER
Classification number 230
Edition number 19
100 1# - MAIN ENTRY--PERSONAL NAME
Personal name Demarest, Bruce A.
245 10 - TITLE STATEMENT
Title Integrative theology /
Statement of responsibility, etc. Bruce Demarest and Gordon Lewis.
260 ## - PUBLICATION, DISTRIBUTION, ETC. (IMPRINT)
Place of publication, distribution, etc. Grand Rapids, Mich. :
Name of publisher, distributor, etc. Academie Books,
Date of publication, distribution, etc. c1987-c1994.
300 ## - PHYSICAL DESCRIPTION
Extent 3 v. ;
Dimensions 24 cm.
336 ## - CONTENT TYPE
Content type term text
Content type code txt
Source rdacontent
337 ## - MEDIA TYPE
Media type term unmediated
Media type code n
Source rdamedia
338 ## - CARRIER TYPE
Carrier type term volume
Carrier type code nc
Source rdacarrier
500 ## - GENERAL NOTE
General note Vol. 2-3 by Gordon R. Lewis and Bruce A. Demarest.
500 ## - GENERAL NOTE
General note Vol. 2-3 published by Zondervan Pub. House.
504 ## - BIBLIOGRAPHY, ETC. NOTE
Bibliography, etc Includes bibliographical references and indexes.
505 1# - FORMATTED CONTENTS NOTE
Formatted contents note v. 1. Knowing ultimate reality. The living God -- v. 2. Our primary need. Christ's atoning provisions -- v. 3. Spirit-given life. God's people present and future.
583 ## - ACTION NOTE
Action Cataloguing:
Time/date of action 20260619
Action agent gtanuigtanui
650 #0 - SUBJECT ADDED ENTRY--TOPICAL TERM
Topical term or geographic name as entry element Theology, Doctrinal.
650 #0 - SUBJECT ADDED ENTRY--TOPICAL TERM
Topical term or geographic name as entry element Theology
General subdivision Methodology.
700 1# - ADDED ENTRY--PERSONAL NAME
Personal name Lewis, Gordon Russell,
Dates associated with a name 1926-
906 ## - LOCAL DATA ELEMENT F, LDF (RLIN)
a 7
b cbc
c orignew
d 1
e ocip
f 19
g y-gencatlg
942 ## - ADDED ENTRY ELEMENTS (KOHA)
Source of classification or shelving scheme Library of Congress Classification
Koha item type General Collection
Holdings
Withdrawn status Lost status Source of classification or shelving scheme Not for loan Home library Current library Shelving location Date acquired Source of acquisition Inventory number Total Checkouts Full call number Barcode Date last seen Copy number Price effective from Koha item type
    Library of Congress Classification   Kabarak, Main Campus Kabarak, Main Campus General Stacks 19/06/2026 Donation 2026/3891   BT75.2 .D37 1987 C.1 37925 19/06/2026 C.1 19/06/2026 General Collection